书目信息 |
| 题名: |
话说海洋动力资源
|
|
| 作者: | 侍茂崇 编著 | |
| 分册: | ||
| 出版信息: | 广州 广东经济出版社 2014 |
|
| 页数: | 161页 | |
| 开本: | 24cm | |
| 丛书名: | 话说中国海洋 | |
| 单 册: | ||
| 中图分类: | P743 , P74 | |
| 科图分类: | ||
| 主题词: | 海洋动力资源--Hai Yang Dong Li Zi Yuan--中国 | |
| 电子资源: | ||
| ISBN: | 978-7-5454-3520-7 | |
| 000 | 01121nam 2200289 450 | |
| 001 | 1649732002 | |
| 005 | 20141127084015.7 | |
| 010 | @a978-7-5454-3520-7@dCNY45.00 | |
| 100 | @a20141127d2014 em y0chiy50 ea | |
| 101 | 0 | @achi |
| 102 | @aCN@b440000 | |
| 105 | @aa a 000yy | |
| 106 | @ar | |
| 200 | 1 | @a话说海洋动力资源@AHua Shuo Hai Yang Dong Li Zi Yuan@f侍茂崇编著 |
| 210 | @a广州@c广东经济出版社@d2014 | |
| 215 | @a161页@c图 (部分彩图)@d24cm | |
| 225 | 2 | @a话说中国海洋@AHua Shuo Zhong Guo Hai Yang@i资源系列 |
| 320 | @a有书目 | |
| 330 | @a海洋能是一种可再生能源,我国海洋能资源非常丰富,开发前景广阔,这是目前国内对这一领域的市场开发尚处于初级阶段。本书旨在向全社会普及海洋能源的认识,了解潮汐发电、泥流发电、温差发电、风力发电、浓度差发电等海洋能源利用的原理和前景,以期吸引更多的社会力量加入到这一开发行列来。 | |
| 333 | @a对海洋学感兴趣的读者。 | |
| 410 | 0 | @12001 @a话说中国海洋@i资源系列 |
| 606 | 0 | @a海洋动力资源@AHai Yang Dong Li Zi Yuan@y中国 |
| 690 | @aP743@v5 | |
| 690 | @aP74@v4 | |
| 701 | 0 | @a侍茂崇@AShi Mao Chong@4编著 |
| 801 | 0 | @aCN@b江苏新华@c20141127 |
| 905 | @aBZT@dP74@e13 | |
| 话说海洋动力资源/侍茂崇编著.-广州:广东经济出版社,2014 |
| 161页:图 (部分彩图);24cm.-(话说中国海洋.资源系列) |
| 使用对象:对海洋学感兴趣的读者。 |
| ISBN 978-7-5454-3520-7:CNY45.00 |
| 海洋能是一种可再生能源,我国海洋能资源非常丰富,开发前景广阔,这是目前国内对这一领域的市场开发尚处于初级阶段。本书旨在向全社会普及海洋能源的认识,了解潮汐发电、泥流发电、温差发电、风力发电、浓度差发电等海洋能源利用的原理和前景,以期吸引更多的社会力量加入到这一开发行列来。 |
| ● |
| 相关链接 |
|
|
|
正题名:话说海洋动力资源
索取号:P74/13
 
预约/预借
| 序号 | 登录号 | 条形码 | 馆藏地/架位号 | 状态 | 备注 |
| 1 | 809455 | 2000809455 | 第二书库/ [索取号:P74/13] | 在馆 | |
| 2 | 809456 | 2000809456 | 第二书库/ [索取号:P74/13] | 在馆 | |
| 3 | 809457 | 2000809457 | 第二书库/ [索取号:P74/13] | 在馆 |